| 000 | 00815nas a2200265 4500 | ||
|---|---|---|---|
| 001 | BR0706780 | ||
| 003 | BR-BrBNA | ||
| 005 | 20231205111256.0 | ||
| 007 | ta | ||
| 008 | 230509b bl.|||p| |||| 00| 00por d | ||
| 040 |
_aBR-BrBNA _bpor _cBiblioteca Nacional de Agricultura |
||
| 041 | _a(Pt) | ||
| 072 | _aQ02; Q53 | ||
| 100 | 1 | _aMoreno, A.G. | |
| 245 | 1 | _aObservação sobre a conservação de Ostrea, L. 1758 (Ostra Mollusca Ostreidae, pelo sal de cozinha | |
| 650 | _aPRESERVAÇÃO DE ALIMENTO | ||
| 650 | _aOSTRA | ||
| 650 | _aSAL | ||
| 650 | _aSALGA | ||
| 650 | _aBACTERIA | ||
| 650 | _aCOLIFORME | ||
| 773 | 0 |
_tRevista da Faculdade de Medicina Veterinária (Brazil) _xISSN 0301-7273 _g(Dec 1969), v. 8(1) p. 243-256 _wBR0706780 |
|
| 909 |
_a202311 _bLúcia _c55 _dLúcia Elande |
||
| 942 |
_2AGRIS _n0 _cANA |
||
| 999 |
_c191778 _d191778 |
||